| 000 -CABECERA |
| fixed length control field |
01509nam a22003257a 4500 |
| 003 - IDENTIFICADOR DEL NÚMERO DE CONTROL |
| control field |
AR-CdUCM |
| 008 - DATOS DE LONGITUD FIJA--INFORMACIÓN GENERAL |
| fixed length control field |
190228b ||||| |||| 00| 0 spa d |
| 040 ## - FUENTE DE LA CATALOGACIÓN |
| Agencia/entidad que catalogó originalmente la obra |
MUNICIPALIDAD PROVINCIAL DEL CUSCO |
| Entidad que transcribió la catalogación |
BIBLIOTECA MUNICIPAL DEL CUSCO |
| 082 ## - NÚMERO DE LA CLASIFICACIÓN DECIMAL DEWEY |
| No. de Clasificación |
307.1 / |
| Notacion interna |
Q25 |
| 100 ## - ENTRADA PRINCIPAL--NOMBRE DE PERSONA |
| Nombre Personal |
Quedena, Enrique |
| 245 ## - MENCIÓN DE TÍTULO |
| Título |
Los retos del desarrollo agro-urbano : |
| Resto del título |
el caso de San Jerónimo - Cusco / |
| 260 ## - PUBLICACIÓN, DISTRIBUCIÓN, ETC. |
| Lugar de publicación, distribución, etc. |
Cusco : |
| Nombre de la editorial, distribuidor, etc. |
Centro Guaman Poma de Ayala : |
| -- |
[Taller Gráfico de Tarea Asociación Gráfica Educativa], |
| Fecha de publicación, distribución, etc. |
1994. |
| 300 ## - DESCRIPCIÓN FÍSICA |
| Nº de Páginas Extensión |
208 págians ; |
| Otros detalles físicos |
ilistraciones, mapas, deplegables. |
| Dimensiones |
23.5 cm. |
| 505 ## - NOTA DE CONTENIDO CON FORMATO |
| Nota de contenido formateada |
Historia y naturaleza en San Jerónimo -- El proceso de ocupación territorial -- Usos del suelo, producción y servicios -- Las áreas homogéneas de San Jerónimo -- Organización social y estructura de gestión -- Lineamientos para un plan integral de desarrollo de San Jerónimo ... |
| 650 ## - PUNTO DE ACCESO ADICIONAL DE MATERIA--TÉRMINO DE MATERIA |
| Descriptor |
Desarrollo agrícola |
| 9 (RLIN) |
1453 |
| 650 ## - PUNTO DE ACCESO ADICIONAL DE MATERIA--TÉRMINO DE MATERIA |
| Descriptor |
Desarrollo - San Jerónimo - Cusco |
| 9 (RLIN) |
7018 |
| 650 ## - PUNTO DE ACCESO ADICIONAL DE MATERIA--TÉRMINO DE MATERIA |
| Descriptor |
Urbanismo - Cusco - Perú |
| 9 (RLIN) |
7019 |
| 650 ## - PUNTO DE ACCESO ADICIONAL DE MATERIA--TÉRMINO DE MATERIA |
| Descriptor |
Planificación y desarrollo |
| 9 (RLIN) |
7020 |
| 650 ## - PUNTO DE ACCESO ADICIONAL DE MATERIA--TÉRMINO DE MATERIA |
| Descriptor |
Comunidades |
| 9 (RLIN) |
7021 |
| 650 ## - PUNTO DE ACCESO ADICIONAL DE MATERIA--TÉRMINO DE MATERIA |
| Descriptor |
Recursos hidrológicos |
| 9 (RLIN) |
5625 |
| 650 ## - PUNTO DE ACCESO ADICIONAL DE MATERIA--TÉRMINO DE MATERIA |
| Descriptor |
Recursos humanos - Agricultura |
| 9 (RLIN) |
7022 |
| 650 ## - PUNTO DE ACCESO ADICIONAL DE MATERIA--TÉRMINO DE MATERIA |
| Descriptor |
San Jerónimo - Historia - Cusco |
| 9 (RLIN) |
7023 |
| 700 ## - PUNTO DE ACCESO ADICIONAL--NOMBRE DE PERSONA |
| Nombre Personal |
Estrada, Enrique |
| 9 (RLIN) |
7024 |
| 700 ## - PUNTO DE ACCESO ADICIONAL--NOMBRE DE PERSONA |
| Nombre Personal |
Apaza, Dimas |
| 9 (RLIN) |
7025 |
| 700 ## - PUNTO DE ACCESO ADICIONAL--NOMBRE DE PERSONA |
| Nombre Personal |
Paredes, Pablo |
| 9 (RLIN) |
7026 |
| 700 ## - PUNTO DE ACCESO ADICIONAL--NOMBRE DE PERSONA |
| Nombre Personal |
Arteaga, Yanet |
| 9 (RLIN) |
7027 |
| 700 ## - PUNTO DE ACCESO ADICIONAL--NOMBRE DE PERSONA |
| Nombre Personal |
Quiñonez, Lucio |
| 9 (RLIN) |
7028 |
| 942 ## - ELEMENTOS DE PUNTO DE ACCESO ADICIONAL (KOHA) |
| Fuente de clasificación |
|
| Tipo de item |
Libros-BMC |
| 945 ## - PROCESAMIENTO DE INFORMACIÓN LOCAL (OCLC) |
| Catalogador |
lccs |
| AAAA-MM-DD - Fecha de ingreso o modificacion |
2017-02-28 |